000
00274nam a22001097a 4500
082
_a
741.642
100
_a
Tyagi, Dr.Sudheer
_9
83491
245
_a
Greatest Inventions & Innovations
260
_a
Delhi
_b
Future book Distributors
_c
2016
650
_a
children book
942
_c
BK
999
_c
68425
_d
68425